000 00987nam a2200229 a 4500
001 BRCA_8909
005 20190320210445.0
008 190617s1789----sp-#######---#000-0#spa-#
041 _aspa
044 _asp
084 _aCO70
_b.F43 1789
100 1 _aFebrero, Joseph
_922155
245 1 0 _aLibrería de escribanos, è instrucción jurídica teórico practica de principiantes
_bparte primera dividida en tres tomos: trata de testamentos, y contratos: obra utilísima para toda clase de personas
_csu autor Don Joseph Febrero; Tomo primero.
260 _aMadrid
_cEn la Imprenta de D. Pedro Marin
_e1789
300 _a[30], 432 p. (t.1)
_c22 x 15.3 cm
500 _aCon privilegio, y licencias necesarias
500 _aEstado físico: presenta encuadernación en pergamino, con cintas rotas y presencia del pez de plata
650 1 4 _aDerecho procesal
_yObras anteriores a 1800
_921693
650 1 4 _aDerecho
_vManual
_yObras anteriores a 1800
_922156
902 _aCFM
942 _2lcc
_cB
999 _c8560
_d8560